Statistics for 2007 NHL Entry Draft 1st Round Selections

Click here to take the quiz!

General Stats

  • This quiz has been taken 132 times
  • The average score is 7 of 30

Answer Stats

PickPlayerJunior TeamNHL Team% Correct
1Patrick KaneLondon KnightsChicago Blackhawks
100%
2James van RiemsdykUniversity of New HampshirePhiladelphia Flyers
66%
3Kyle TurrisBurnaby ExpressPhoenix Coyotes
52%
9Logan CoutureOttawa 67sSJ Sharks
37%
22Max PaciorettySioux City MusketeersMontreal Canadiens
34%
7Jakub VoracekHalifax MooseheadsColumbus Blue Jackets
31%
24Mikael BacklundVIK Vasteras HKCalgary Flames
30%
12Ryan McDonaghCretin-Derham Hall HSMontreal Canadiens
28%
4Thomas HickeySeattle ThunderbirdsLA Kings
27%
5Karl AlznerCalgary HitmenWashington Capitals
25%
6Sam GagnerLondon KnightsEdmonton Oilers
24%
13Lars EllerFrolunda HC Jr.St Louis Blues
21%
20Angelo EspositoQuebec RempartsPittsburgh Penguins
17%
26David PerronLewiston MaineiacsSt Louis Blues
17%
8Zach HamillEverett SilvertipsBoston Bruins
17%
11Brandon SutterRed Deer RebelsCarolina Hurricanes
15%
27Brendan SmithSt. Michael's BuzzersDetroit Red Wings
15%
17Alexei CherepanovAvangard OmskNY Rangers
14%
15Alex PlanteCalgary HitmenEdmonton Oilers
14%
10Keaton EllerbyKamloops BlazersFlorida Panthers
14%
14Kevin ShattenkirkUSNTDPColorado Avalanche
13%
18Ian ColeUSNTDPSt Louis Blues
11%
30Nick RossRegina PatsPhoenix Coyotes
11%
16Colton GilliesSaskatoon BladesMinnesota Wild
10%
23Jonathon BlumVancouver GiantsNashville Predators
10%
19Logan MacMillanHalifax MooseheadsAnaheim Ducks
10%
21Riley NashCornell UniversityEdmonton Oilers
10%
29Jim O'BrienUniversity of MinnesotaOttawa Senators
8%
28Nick PetreckiOmaha LancersSJ Sharks
8%
25Patrick WhiteUniversity of MinnesotaVancouver Canucks
8%

Score Distribution

Percentile by Number Answered

Percent of People with Each Score

Your Score History

You have not taken this quiz